Ανακύκλωση Υλικών / Πλαστικά: Τεύχος Ι (Record no. 2344)
[ view plain ]
| 000 -LEADER | |
|---|---|
| fixed length control field | 01319cam a22001934a 4500 |
| 005 - ΗΜΕΡΟΜΗΝΙΑ ΚΑΙ ΩΡΑ ΤΕΛΕΥΤΑΙΑΣ ΕΝΗΜΕΡΩΣΗΣ | |
| Πεδίο ελέγχου | 20250605164038.0 |
| 008 - FIXED-LENGTH DATA ELEMENTS--GENERAL INFORMATION | |
| Πεδίο ελέγχου σταθερού μήκους | 250528s ||||||||||||||||||||||||d |
| 035 ## - SYSTEM CONTROL NUMBER | |
| System control number | 16894 |
| 020 ## - ISBN | |
| ISBN | 960405497 |
| 040 ## - ΠΗΓΗ ΚΑΤΑΛΟΓΟΓΡΑΦΗΣΗΣ | |
| Φορέας πρωτότυπης καταλογογράφησης | MC Athens Campus Library |
| Γλώσσα καταλογογράφησης | Ελληνικά, Μοντέρνα (1453-) |
| Modifying agency | MC Athens Campus Library |
| Κανόνες περιγραφικής καταλογογράφησης | AACR2 |
| 245 1# - ΤΙΤΛΟΣ ΚΑΙ ΔΗΛΩΣΗ ΥΠΕΥΘΥΝΟΤΗΤΑΣ | |
| Τίτλος | Ανακύκλωση Υλικών / Πλαστικά: Τεύχος Ι |
| 260 ## - PUBLICATION, DISTRIBUTION, ETC. | |
| Name of publisher, distributor, etc. | Ίων, |
| Date of publication, distribution, etc. | 1994 |
| 300 ## - PHYSICAL DESCRIPTION | |
| Extent | 124 |
| 520 ## - SUMMARY, ETC. | |
| Summary, etc. | Εισαγωγή, Παραγωγή και Κατανάλωση Πλαστικών, Οικολογικές Επιπτώσεις από τα Πλαστικά Απορρίματα, Βασικά Προβλήματα στην Ανακύκλωση Πλαστικών, Συλλογή Πλαστικών Απορριμάτων, Βελτίωση των Ιδιοτήτων Ανακυκλωμένων Πλαστικών με Επανασταθεροποίηση, Τεχνολογίες Επεξεργασίας και Ανακύκλωσης Πλαστικών, Ενεργειακή Αξιοποίηση των Πλαστικών, Μέθοδοι Ανάκτησης των Πλαστικών, Διαχωρισμός Πλαστικών από τα Απορρίματα, Περιεχόμενα, Βιβλιογραφία. |
| 700 1# - ΠΡΟΣΘΕΤΗ ΑΝΑΓΡΑΦΗ--ΦΥΣΙΚΟ ΠΡΟΣΩΠΟ | |
| Personal name | Σκορδιλής Αδαμάντιος |
| 9 (RLIN) | 2986 |
| 942 ## - ADDED ENTRY ELEMENTS (KOHA) | |
| Koha item type | Books |
| Τύπος τεκμηρίου | Βιβλιοθήκη | Τρέχουσα τοποθεσία | Barcode | Αριθμός εισαγωγής | Ημερομηνία απόκτησης | Ταξιθετικό σύμβολο | Αριθμός αντιτύπου | Κατάσταση απόσυρσης | Κατάσταση χαμένου | Κατάσταση κατεστραμμένου | Μη δανεισμός | Σύνολο δανεισμών | Ημερομηνία τελευταίας εμφάνισης | Η τιμή ισχύει από |
|---|---|---|---|---|---|---|---|---|---|---|---|---|---|---|
| Books | MC Athens Campus Library | MC Athens Campus Library | 9780000023438 | 5550 | 05/06/2025 | 363.728 2 SKO | 1 | 05/06/2025 | 05/06/2025 |